000 00580nam a2200181Ia 4500
008 100917s9999 xx 000 0 und d
082 _b17083
100 _aकोठारी वि. स.
245 _aकनि पदवीचा पोलीस अंमलदार
260 _b---
_c1897
300 _a58
365 _b0
520 _aकायदा
630 _aकनि पदवीचा पोलीस अंमलदार
650 _aकायदा
730 _aकनि पदवीचा पोलीस अंमलदार
942 _cBOOK
999 _c622477
_d622474